000 00291nam a2200109Ia 4500
008 220216s9999 xx 000 0 und d
245 0 _aSmall town engineers fairygodmother was rubberised bitumen
260 _bPlanter
_c1961
300 _a290-292
650 _aRubberised bitumen
942 _cJS
999 _c68762
_d68762